=LDR 00000nam 2200000 4500 =001 INLIS000000000019474 =005 20130612114529 =008 ***********************************Ind** =035 ##$$0010-061300000019474 =041 ##$$a Ind =082 ##$$a 004.67 =090 ##$$a 004.67, Sya k =100 ##$$a Syafii, M =245 ##$$a Konfigurasi server linux dengan, wetmin, oleh M. Syafii =260 ##$$a 2004 $b Yogyakarta =300 ##$$a xii, 217 hlm, 23 cm =650 ##$$a Komputer-nerwork =850 ##$$a NBPNMAT